Contenders for UK Prime Minister - Statistics

General Stats
  • This quiz has been taken 246 times
  • The average score is 3 of 5
Answer Stats
clue odds contender % Correct
Boris Johnson ally until deciding at stand himself at the last minute; 48 16% Michael Gove
87%
Home secretary; 59 62% Theresa May
87%
Junior minister for Climate Change; 53 15% Andrea Leadsom
49%
Secretary of State for Work and Pensions; 43 5% Stephen Crabb
26%
Backbencher; 54 2% Liam Fox
24%
No matching quizzes found
Score Distribution
Percent of People with Each Score
Percentile by Number Answered
Your Score History
You have not taken this quiz